اوتوكاد 2007 فور داميز / (Record no. 64383)
[ view plain ]
| 000 -الفاتح | |
|---|---|
| حقل البيانات ثابتة الطول | 00895nam a22002297a 4500 |
| 005 - وقت وتاريخ اخر تعامل مع التسجيلة | |
| رقم الضبط | 20240530110728.0 |
| 008 - عناصر البيانات ثابتة الطول - معلومات عامة | |
| حقل البيانات ثابتة الطول | 150330s2007 ua adk g 000 0 ara d |
| 017 ## - رقم الايداع القانونى | |
| رقم الايداع القانونى | 2006/22933 |
| المصدر ( الهيئة المختصة) | مصر . دار الكتب المصرية |
| 020 ## - الرقم الدولى المعيارى للكتب | |
| الرقم الدولى المعيارى للكتاب | 9774084047 |
| 040 ## - مصدر الفهرسة | |
| وكالة الفهرسة الأصلية | EG-CaGPL |
| 082 04 - رقم تصنيف ديوى العشرى | |
| رقم الطبعة | 21 |
| رقم التصنيف | 005.3\ |
| رقم المادة | ب أ |
| 100 1# - المدخل الرئيسى - إسم شخصى | |
| الإسم الشخصى | بايرنز ، ديفيد |
| 245 10 - بيان العنوان | |
| العنوان | اوتوكاد 2007 فور داميز / |
| بيان المسئوليه,etc | تاليف ديفيد بايرنز ؛ ترجمة خالد العامرى |
| 250 ## - بيان الطبعة | |
| بيان الطبعة | ط.1 |
| 260 ## - PUBLICATION, DISTRIBUTION, ETC. (IMPRINT) | |
| تاريخ النشر أو التوزيع | 2007 . |
| 300 ## - الوصف المادى | |
| التعداد | 519 ص. : |
| تفاصيل ماديه اخرى للوعاء | ايض. ؛ |
| أبعاد الوعاء | 24 سم. |
| 650 04 - المدخل الاضافى بالموضوع-مصطلح موضوعى | |
| مصطلح موضوعي | الحاسبات الالكترونية |
| التقسيم الفرعي العام | برامج |
| 650 04 - المدخل الاضافى بالموضوع-مصطلح موضوعى | |
| مصطلح موضوعي | اوتوكاد 2007 ( برامج حاسبات ) |
| 650 04 - المدخل الاضافى بالموضوع-مصطلح موضوعى | |
| مصطلح موضوعي | نظم المعلومات |
| 942 ## - عناصر المدخل الإضافي( كوها) | |
| مصدر التصنيف او مخطط الترفيف | Dewey Decimal Classification |
| Koha [default] item type | كتاب |
| 260 ## - PUBLICATION, DISTRIBUTION, ETC. (IMPRINT) | |
| -- | القاهرة : |
| -- | دار الفاروق للاستثمارات الثقافية ، |
| حالة التراجع | حالة الفقد | حالة تلف | ليس للاعارة | المكان المؤقت | الموقع الحالى | موقع الترفيف | تاريخ الاكتساب | اجمالي اﻻعارات | رقم الطلب | الباركود | تاريخ اخر مشاهدة | تاريخ تفعيل السعر | نوع وعاء كوها |
|---|---|---|---|---|---|---|---|---|---|---|---|---|---|
| مكتبة القاهرة الكبرى | مكتبة القاهرة الكبرى | القاعة الرئيسية | 04/29/2018 | 005.3\ ب أ | 164623 | 04/29/2018 | 04/29/2018 | كتاب |

